Bilecik Bilecik Bilecik Bilecik Bilecik

Etik ve bilişim/ (Record no. 41400)

MARC details
000 -BAŞLIK
Sabit Uzunluktaki Kontrol Alanı 04516nam a22003617a 4500
001 - KONTROL NUMARASI
Control Dosyası 0041549
003 - KONTROL NUMARASI KİMLİĞİ
Kontrol Alanı KOHA_MİRAKIL
005 - EN SON İŞLEM TARİHİ ve ZAMANI
Kontrol Alanı 20260207003240.0
007 - FİZİKSEL TANIM SABİT ALAN - GENEL BİLGİ
Sabit uzunluklu kontrol alanı ta
008 - SABİT UZUNLUKTAKİ VERİ ÖGELERİ - GENEL BİLGİ
Sabit Alan 130730b2009 tu |||gr||||#||||0|tur |
020 ## - ISBN - ULUSLARARASI STANDART KİTAP NUMARASI
Isbn 9786055757434
040 ## - KATALOGLAMA KAYNAĞI
Özgün Kataloglama Kurumu TR-BiSEU
Kataloglama Dili tur
Çeviri Kurumu TR-BiSEU
Açıklama Kuralları rda
041 0# - DİL KODU
Metin ya da ses kaydının dil kodu tur
044 ## - YAYINLAYAN/ÜRETEN KURULUŞUN ÜLKE KODU
ISO country code tu
050 ## - SINIFLAMA ve YER NUMARASI
Sınıflama Numarası HC79
Yer Numarası .D43 2009
100 1# - KİŞİ ADI
Yazar Adı (Kişi adı) Dedeoğlu, Gözde.
245 1# - ESER ADI BİLDİRİMİ
Başlık Etik ve bilişim/
Sorumluluk Bildirimi Gözde Dedeoğlu ; Gözde Dedeoğlu.
250 ## - BASIM BİLDİRİMİ
Basım Bildirimi 2. baskı
264 #1 - ÜRERİM, YAYIN, DAĞITIM ve TELİF BİLDİRİMİ
Yayın yeri İzmir :
Yayınlayan Etki Yayınları
Yayın tarihi 2009
300 ## - FİZİKSEL TANIMLAMA
Sayfa, Cilt vb. 104 sayfa; 20 cm
336 ## - İÇERİK TÜRÜ
Content type term metin
Content type code txt
Source rdacontent
337 ## - MEDYA TÜRÜ
Media type term aracısız
Media type code n
Source rdamedia
338 ## - TAŞIYICI TÜRÜ
Carrier type term cilt
Carrier type code nc
Source rdacarrier
490 0# - DİZİ BİLDİRİMİ
Dizi Bildirimi Etki Yayınları : 371.
500 ## - GENEL NOT
Genel Not Bu kitapta yazılanlar etik ve bilişim etiği konusunda bir fikir oluşturma amacıyla yapılmış bir çalışmanın ürünüdür ve değişimin olumlu yönde gerçekleşmesi dileğiyle insani, etik olanın, değerlerin yeniden kazanılması yönünde harcanan çabanın bir parçası olma niyetini taşır. Giderek etkisini arttıran ve yaygınlaşmasıyla birlikte faydalarının yanında bir dizi sorunu da getiren bilişim teknolojilerinin etik boyutunu irdelemeye yönelik çalışmalar geçen yüzyılın son döneminde hız kazanmış; bilişim teknolojilerinin ilk üretildiği ve j kullanıldığı Batı ülkelerinde, sosyal bilimcilerin É ağırlıkta olduğunun gözlendiği ancak konunun jfl kapsamı ve çözüm yönünde gösterdiği gereklilik nedeniyle çok daha geniş yelpazede disiplinin ilgi ve çalışma alanı olmuştur.
505 ## - İÇİNDEKİLER NOTU
İçindekiler Notu Giriş..........................................................................................9
650 #0 - KONU BAŞLIĞI EK GİRİŞ - KONU TERİMİ
Konusal terim veya coğrafi ad Bilgi toplum.
9 (RLIN) 77135
650 #0 - KONU BAŞLIĞI EK GİRİŞ - KONU TERİMİ
Konusal terim veya coğrafi ad Information society.
9 (RLIN) 9152
650 #0 - KONU BAŞLIĞI EK GİRİŞ - KONU TERİMİ
Konusal terim veya coğrafi ad İş ahlakı.
9 (RLIN) 8129
650 #0 - KONU BAŞLIĞI EK GİRİŞ - KONU TERİMİ
Konusal terim veya coğrafi ad Business ethics.
9 (RLIN) 8141
830 0# - SERİ EK GİRİŞİ - TEKBİÇİM ESER ADI
Tekbiçim Başlık Etki Yayınları : 371.
9 (RLIN) 77136
942 ## - EK GİRİŞ ÖGELERİ (KOHA)
Source of classification or shelving scheme Library of Congress Classification
Koha item type Book
505 ## - İÇİNDEKİLER NOTU
--
-- Etik...........................................................................................13
--
-- Dil.......................................................................................19
--
-- Görecelilik / Görelilik.......................................................20
--
-- Siyaset, Hukuk.....................................................:.............21
--
-- Genetik Bilim....................................................................22
--
-- Çevre...................................................................................23
--
-- Etik İlkeler........................................................................26
--
-- Etik İlkeler Dünyamızı Düzeltebilir mi?............................27
--
-- Bilişim ve Bilişim Toplumu.................................................37
--
-- Bilişim Etiği............................................................................39
--
-- Bilişim Toplumunda Etik Sorunlar.....................................47
--
-- Vazgeçilmezlik, Bağımlılık ve Zarara Açık Olma...........47
--
-- Güvenlik.............................................................................48
--
-- Doğruluk............................................................................50
--
-- Kişisel Haklar, Özel Hayat...............................................50
--
-- Sosyal Yaşam Üzerindeki Etkiler, Sanal
--
-- Ortam, Sanal Topluluklar.................................................53
--
-- Fikri Mülkiyet Hakları.....................................................54
--
-- Sistem Kalitesi...................................................................55
--
-- Sağlık Sorunları.................................................................55
--
-- İşsizlik................................................................................56
--
-- Sayısal Uçurum..................................................................57
--
-- Yapay Zeka.........................................................................58
--
-- Sorumluluk, Yükümlülük.................................................61
--
-- Bilişim Etiği ve Eğitim..........................................................63
--
-- Organizasyonlar.....................................................................73
--
-- Bitirirken.................................................................................80
--
-- Ek: Bilişim Mesleği Ahlak İlkeleri........................................81
--
-- Kaynakça...........................................................................100.
Holdings
Materyal Türü Kalıcı Konum Mevcut Konum Raf Yeri Sınıflandırma Kaynağı Edinim Bilgisi Ana Konular Alt Konular Yer Numarası Demirbaş Numarası Fatura Tarihi Maliyet, Alış Fiyatı Maliyet, Yenileme Fiyatı Geri Çekilme Durumu Kayıp Durumu Hasarlı Durumu Kredi için değil Kayıt Tarih Toplam Ödünçverme Son Görülme Tarihi Son Kontrol Tarihi Satın Alma Notu
Book Prof. Dr. Azmi Özcan Kütüphanesi Prof. Dr. Azmi Özcan Kütüphanesi Uluğbey Salonu Library of Congress Classification Satın SOSYAL BİLİMLER Ekonomi Tarihi ve Koşulları HC79 .D43 2009 0041549 24/09/2013 5.15 5.15         30/07/2013 1 05/12/2024 05/12/2024 73291-73383 (92 sayfa)